000 00361cam a22001217a 4500
008 180718b1978 xxu||||| |||| 00| 0 eng d
082 _aB5x54 M145
100 _aMacdonald J. Ramsay
245 _aGovernment of India
_cby J. Ramsay Macdonald
260 _aLondon
_bSwarthmore Press
_c1978
300 _a291p.
650 _aIndia --Politics and government --1765-1947
999 _c372774
_d372774